The drop/ (Record no. 359236)
[ view plain ]
| 000 -LEADER | |
|---|---|
| fixed length control field | 00403nam a2200133Ia 4500 |
| 008 - FIXED-LENGTH DATA ELEMENTS--GENERAL INFORMATION | |
| fixed length control field | 181016s9999 xx 000 0 und d |
| 020 ## - INTERNATIONAL STANDARD BOOK NUMBER | |
| International Standard Book Number | 9780446556682 |
| 100 ## - MAIN ENTRY--PERSONAL NAME | |
| Personal name | Connelly, Michael |
| 245 ## - TITLE STATEMENT | |
| Statement of responsibility, etc | Michael Connelly |
| Title | The drop/ |
| 260 ## - PUBLICATION, DISTRIBUTION, ETC. (IMPRINT) | |
| Place of publication, distribution, etc | NY: |
| Name of publisher, distributor, etc | Grand Central Publishing |
| Date of publication, distribution, etc | 2011 |
| 300 ## - PHYSICAL DESCRIPTION | |
| Extent | 414 pages : |
| Dimensions | 17 cm. |
| 650 ## - SUBJECT ADDED ENTRY--TOPICAL TERM | |
| Topical term or geographic name as entry element | cold cases (criminal investigation) |
| 650 ## - SUBJECT ADDED ENTRY--TOPICAL TERM | |
| Topical term or geographic name as entry element | serial murders investigation |
| Withdrawn status | Lost status | Source of classification or shelving scheme | Damaged status | Home library | Current library | Shelving location | Date acquired | Source of acquisition | Total Checkouts | Full call number | Barcode | Date last seen | Price effective from | Koha item type | Public note |
|---|---|---|---|---|---|---|---|---|---|---|---|---|---|---|---|
| Library of Congress Classification | Luxembourg Library | Luxembourg Library | Fiction Section | 10/16/2018 | Donation | PS 3553 .C752 2011 | 20628 | 10/16/2018 | 10/16/2018 | Books | Donated by Charlie McNamara |